000 00196nam a2200085Ia 4500
008 120527s9999 xx 000 0 und d
100 _aRoswell & Natchez
245 _aReading Disability
942 _cBK
999 _c27638
_d27638